Overwatch Heroes - Statistics

General Stats
  • This quiz has been taken 19 times
    16 since last reset
  • The average score is 30 of 40
Answer Stats
Hint Answer % Correct
Support Mercy
100%
DPS Ashe
92%
Support Baptiste
92%
Support Lucio
92%
Support Moira
92%
Tank Orisa
92%
Tank Reinhardt
92%
DPS Genji
85%
Tank Mauga
85%
DPS Mei
85%
Support Ana
77%
DPS Bastion
77%
DPS Cassidy
77%
Tank Doomfist
77%
Tank D.VA
77%
Tank Junker Queen
77%
Support Kiriko
77%
Tank Roadhog
77%
DPS Tracer
77%
DPS Widowmaker
77%
Tank Winston
77%
Tank Wrecking Ball
77%
DPS Hanzo
69%
Support Illari
69%
DPS Junkrat
69%
Support Lifeweaver
69%
DPS Reaper
69%
Tank Sigma
69%
DPS Soldier: 76
69%
DPS Sombra
69%
DPS Symmetra
69%
Tank Zarya
69%
Support Zenyatta
69%
DPS Echo
62%
DPS Pharah
62%
Tank Ramattra
62%
DPS Sojourn
62%
DPS Torbjorn
62%
Support Brigitte
54%
DPS Venture
54%
No matching quizzes found
Score Distribution
Percent of People with Each Score
Percentile by Number Answered
Your Score History
You have not taken this quiz since the last reset